Statistiques concernant Toulouse FC : les plus grosses ventes réalisées avant 2022/2023

Cliquez ici pour prendre le quiz!

Statistiques générales

  • Ce quiz a été pris 286 fois
  • Le résultat moyen est 8 sur 13

Statistiques - réponses

Club de destination et montantAnnée de venteRéponse% Correct
FC Séville 9,5M€2017Ben Yedder
94%
Marseille 16M€2010Gignac
87%
West Ham 25M€2018Diop
85%
PSG 10M€2016Aurier
75%
Gladbach 9M€2021Koné
71%
Fiorentina 9M€2019Lafont
66%
Middlesbrough 11,3M€2017Braithwaite
65%
Celtic Glasgow 8M€2020Jullien
63%
PSV 9,5M€2021Sangaré
62%
Tottenham 11M€2014Capoue
52%
Bolton Wanderers 12,6M€2008Elmander
52%
Monaco 13M€2014Abdennour
40%
Girondins Bordeaux 8M€2010Carrasso
36%

Distribution des résultats

Percentile par nombre de réponses

% des personnes avec chaque résultat

Votre développement - résultats

Vous n’avez pas pris ce quiz